Nursing process and nursing diagnosis / (Record no. 13848)

MARC details
000 -LEADER
fixed length control field 00898pam a2200301 a 4500
001 - CONTROL NUMBER
control field 4768464
003 - CONTROL NUMBER IDENTIFIER
control field mut
005 - DATE AND TIME OF LATEST TRANSACTION
control field 20240606081300.0
008 - FIXED-LENGTH DATA ELEMENTS--GENERAL INFORMATION
fixed length control field 860107s1986 pauk b 001 0 eng c
010 ## - LIBRARY OF CONGRESS CONTROL NUMBER
LC control number 86001062
020 ## - INTERNATIONAL STANDARD BOOK NUMBER
International Standard Book Number 0721618189 (pbk.)
040 ## - CATALOGING SOURCE
Original cataloging agency DNLM/DLC
Transcribing agency mut
Modifying agency DLC
050 10 - LIBRARY OF CONGRESS CALL NUMBER
Classification number RT41
Item number .I94 1986
060 ## - NATIONAL LIBRARY OF MEDICINE CALL NUMBER
Classification number WY 100 I97n
082 00 - DEWEY DECIMAL CLASSIFICATION NUMBER
Classification number 610.73
Edition information 19
100 1# - MAIN ENTRY--PERSONAL NAME
Personal name Iyer, Patricia W.
245 10 - TITLE STATEMENT
Title Nursing process and nursing diagnosis /
260 ## - PUBLICATION, DISTRIBUTION, ETC.
Place of publication, distribution, etc. Philadelphia :
Name of publisher, distributor, etc. Saunders,
Date of publication, distribution, etc. 1986.
300 ## - PHYSICAL DESCRIPTION
Extent xi, 302 p. :
Other physical details forms ;
Dimensions 23 cm.
504 ## - BIBLIOGRAPHY, ETC. NOTE
Bibliography, etc. note Includes bibliographies and index.
650 #0 - SUBJECT ADDED ENTRY--TOPICAL TERM
Topical term or geographic name entry element Nursing.
650 #0 - SUBJECT ADDED ENTRY--TOPICAL TERM
Topical term or geographic name entry element Diagnosis.
650 #2 - SUBJECT ADDED ENTRY--TOPICAL TERM
Topical term or geographic name entry element Nursing Process.
700 1# - ADDED ENTRY--PERSONAL NAME
Personal name Taptich, Barbara J.
700 2# - ADDED ENTRY--PERSONAL NAME
Personal name Bernocchi-Losey, Donna.
906 ## - LOCAL DATA ELEMENT F, LDF (RLIN)
a 7
b cbc
c orignew
d 1
e ocip
f 19
g y-gencatlg
942 ## - ADDED ENTRY ELEMENTS (KOHA)
Source of classification or shelving scheme Library of Congress Classification
Koha item type Books
Holdings
Withdrawn status Lost status Source of classification or shelving scheme Damaged status Not for loan Home library Current library Shelving location Date acquired Source of acquisition Total checkouts Full call number Barcode Date last seen Price effective from Koha item type
    Library of Congress Classification     Murang'a University of Technology Library Murang'a University of Technology Library General stacks 31/10/2017 Donation-TFC   RT41 .I94 1986 016170 31/10/2017 31/10/2017 Books